000 00962nam a2200217 i 4500
001 30382
003 ES-MaACL
005 20230906154202.0
007 t|
008 030124s1972 sp ||||1| spa d
100 1 _aBelinchón Valera, Pedro.
_927167
245 1 0 _aDiscurso de ingreso
_b: ecología biológica /
_cPedro Belinchón Valera ; discurso de contestación por Isidoro Mínguez Delgado ; palabras finales por Ramón Sánchez-Parra García.
260 _aMurcia :
_bAcademia de Medicina y Cirugía,
_c[1972]
300 _a59 p. ;
_c24 cm.
594 _aPrecede al tít.: Discursos leídos en la sesión extraordinaria celebrada por la Real Academia de Medicina y Cirugía de Murcia el día 26 de marzo de 1969.
650 4 _aEcología.
_911995
700 1 _aMínguez Delgado, Isidoro.
_981353
700 1 _aSánchez-Parra García, Ramón.
_9167026
710 2 _aReal Academia de Medicina y Cirugía de Murcia.
_96328
852 _aES-MaACL
_j2083-F-15
999 _c30382
_d30382